000 01488nam a22002537a 4500
008 251024b |||||||| |||| 00| 0 eng d
020 _a9780356516066
040 _ctbs
041 _aeng
050 _aPR6114.O777
_bI84 2022
100 _aNorth, Claire
_926321
_eauthor
245 _aIthaca
_c/ Claire North.
260 _aLondon :
_bOrbit, an imprint of Little, Brown Book Group,
_c2023.
300 _avi, 391 pages ;
_c20 cm.
490 _aSongs of Penelope ;
_vbk. 1
520 _aSeventeen years ago, King Odysseus sailed to war with Troy, taking with him every man of fighting age from the island of Ithaca. None of them has returned, and the women of Ithaca have been left behind to run the kingdom. Penelope was barely into womanhood when she wed Odysseus. While he lived, her position was secure. But now, years on, speculation is mounting that her husband is dead, and suitors are beginning to knock at her door. No one man is strong enough to claim Odysseus' empty throne--not yet. But everyone waits for the balance of power to tip, and Penelope knows that any choice she makes could plunge Ithaca into bloody civil war.
650 0 _aPenelope (Greek mythological character)
_vFiction
_926322
650 0 _aOdysseus, King of Ithaca (Mythological character)
_vFiction
_926323
650 0 _aMythology
_912220
650 0 _aSurvival
_vFiction
_926325
650 0 _aMan-woman relationships
_vFiction
_911134
651 0 _aIthaca Island (Greece)
_vFiction
_926324
942 _2lcc
999 _c5106
_d5106